| 000 | 00000nam##2200000za#4500 |
| 001 | 9.590964 |
| 003 | CaOODSP |
| 005 | 20240911080547 |
| 007 | cr ||||||||||| |
| 008 | 150406|2001||||xxc|||||o f|0| 0 fre|d |
| 020 | |a0-662-86301-1 |
| 040 | |aCaOODSP|bfre |
| 043 | |an-cn--- |
| 086 | 1 |aH113-8/2001-2F-IN |
| 110 | 1 |aCanada.|bSanté Canada. |bAgence de réglementation de la lutte antiparasitaire. |
| 245 | 10|aHarmonisation des exigences en matière de données sur les caractéristiques chimiques et le devenir des pesticides dans l'environnement en vertu de l'ALENA |h[ressource électronique] |
| 260 | |aOttawa - Ontario : |bSanté Canada. |cLe 5 octobre 2001. |
| 300 | |a9p.|bréférences, tableaux |
| 490 | 1 |aProjet de directive |vPRO 2001-02 |
| 500 | |aL'ISBN (0-662-8630-1) copié dans cette édition PDF est incorrect. |
| 590 | |a12-01-Supp|b2012-01-13 |
| 775 | 08|tHarmonization of environmental chemistry and fate data requirements under NAFTA |w(CaOODSP)9.557964 |
| 776 | 0#|tHarmonisation des exigences en matière de données sur les caractéristiques chimiques et le devenir des pesticides dans l'environnement en vertu de l'ALENA |w(CaOODSP)9.625808 |
| 830 | #0|aProjet de directive (Canada. Agence de réglementation de la lutte antiparasitaire)|vPRO 2001-02|w(CaOODSP)9.500881 |
| 856 | 40|ahttp://publications.gc.ca|qPDF|s126 Ko|uhttps://publications.gc.ca/collections/Collection/H113-8-2001-2F.pdf|yPRO 2001-02 |